Objet 2 : creative idea & unique design (Record no. 12206)

000 -LEADER
fixed length control field 00332 a2200145 4500
003 - CONTROL NUMBER IDENTIFIER
control field OSt
005 - DATE AND TIME OF LATEST TRANSACTION
control field 20231223140319.0
008 - FIXED-LENGTH DATA ELEMENTS--GENERAL INFORMATION
fixed length control field 231223b ||||| |||| 00| 0 eng d
020 ## - INTERNATIONAL STANDARD BOOK NUMBER
International Standard Book Number 9788957704523
082 ## - DEWEY DECIMAL CLASSIFICATION NUMBER
Classification number 749
100 ## - MAIN ENTRY--PERSONAL NAME
Personal name JIBBOO P
245 ## - TITLE STATEMENT
Title Objet 2 : creative idea & unique design
260 ## - PUBLICATION, DISTRIBUTION, ETC. (IMPRINT)
Name of publisher, distributor, etc ARCHI
Date of publication, distribution, etc 2013
942 ## - ADDED ENTRY ELEMENTS (KOHA)
Source of classification or shelving scheme
Holdings
Withdrawn status Lost status Source of classification or shelving scheme Damaged status Koha normalized classification for sorting Not for loan Permanent location Current location Date acquired Source of acquisition Cost, normal purchase price Total Checkouts Full call number Barcode Checked out Date last seen Date last borrowed Cost, replacement price Price effective from Koha item type
        749_000000000000000   BMS College of Architecture, Design and Planning BMS College of Architecture, Design and Planning 2023-12-23 10 4548.60 2 749 AR-UG3447 2024-04-02 2024-03-18 2024-03-18 6498.00 2023-12-23 UG Books
Copyright © 2025, The Librarian, Library and Information Centre, BMSCA D&P, Bengaluru. All Rights Reserved
web counter

Powered by Koha